000 00330nam a22001217a 4500
003 OSt
005 20260211094341.0
008 260211b |||||||| |||| 00| 0 eng d
040 _cFAWE
082 _a300.72
_bMBO
245 _a Gender Sensitive Qualitative Data: Sample Collection Instrument for African Universities
942 _2ddc
_cBK
999 _c4154
_d4154